Statistics for Cities by the oldest universities

Click here to take the quiz!

General Stats

  • This quiz has been taken 21 times
  • The average score is 10 of 18

Answer Stats

University foundedCountryCity% Correct
c. 972EgyptCairo
100%
c. 1096United KingdomOxford
95%
1303ItalyRome
95%
1348Czech RepublicPrague
90%
1088ItalyBologna
85%
1209United KingdomCambridge
85%
1224ItalyNaples
85%
1321ItalyFlorence
80%
859MoroccoFez
65%
1222ItalyPadua
55%
1343ItalyPisa
55%
1290PortugalCoimbra
40%
1308ItalyPerugia
30%
1272; 1915SpainMurcia
25%
1218SpainSalamanca
25%
1241SpainValladolid
20%
1290ItalyMacerata
10%
1336ItalyCamerino
5%

Score Distribution

Percentile by Number Answered

Percent of People with Each Score

Your Score History

You have not taken this quiz